[Event "Tourn. n10206"]
[Site "www.echecsemail.com"]
[Date "2019.09.06"]
[Round "1"]
[White "Tevere"]
[Black "Bojan"]
[WhiteElo "2180"]
[BlackElo "2010"]
[Result "1/2-1/2"]
[Round "1"]
1.e4 e5
2.Ng1f3 d6
3.Bf1c4 h6
4.d4 Nb8d7
5.O-O Qd8f6
6.Nb1c3 Nd7b6
7.dxe5 dxe5
8.Bc4b3 Bc8g4
9.Nc3b5 Ra8d8
10.Nb5xc7 Ke7
11.Bc1d2 Rd8xd2
12.Qd1xd2 Bg4xf3
13.Nc7d5 Nb6xd5
14.Qd2xd5 { draw }
1/2-1/2

[Event "1/128 Finale"]
[Site "www.chess-mail.com"]
[Date "2019.09.06"]
[Round "1"]
[White "Cal"]
[Black "Mitja"]
[WhiteElo "1700"]
[BlackElo "1860"]
[Result "0-1"]
[Round "1"]
1.c4 d5
2.c5 e5
3.b4 c6
4.e3 a5
5.h3 axb4
6.Qd1b3 Bf8xc5
7.d3 Ng8e7
8.Bc1b2 f6
9.Ng1f3 Bc8e6
10.Nb1d2 O-O
11.e4 Qd8b6
12.Bf1e2 Bc5xf2
13.Kd1 Nb8a6
14.Rh1f1 Be6f7
15.Ra1c1 dxe4
16.dxe4 Bf7xb3
17.axb3 Rf8d8
18.Nf3e1 Bf2e3
19.Be2d3 Be3xd2
20.Kxd2 Na6c5
21.Rf1f3 Nc5xb3
22.Kd1 Nb3xc1
23.Kxc1 Qb6c5
24.Kd2 Ra8a2
25.Ne1c2 Ra2xb2
26.Kc1 Rb2a2
27.Kd2 Qc5c3
28.Kd1 Rd8xd3
29.Rf3xd3 Qc3xd3
{ resign }
0-1

[Event "Tourn. n10186"]
[Site "www.echecsemail.com"]
[Date "2019.09.07"]
[Round "1"]
[White "Fabos12"]
[Black "Jjmcbride"]
[WhiteElo "1780"]
[BlackElo "1660"]
[Result "0-1"]
[Round "1"]
1.d4 d5
2.Ng1f3 Nb8c6
3.g3 e6
4.Bf1g2 h6
5.c3 g5
6.Nb1d2 g4
7.Nf3h4 b6
8.O-O Bf8e7
9.e4 Be7xh4
10.exd5 exd5
11.gxh4 Qd8xh4
12.Bg2xd5 Bc8b7
 { time }
0-1

[Event "Tourn. n10181"]
[Site "www.echecsemail.com"]
[Date "2019.09.07"]
[Round "1"]
[White "Hansen"]
[Black "Picifarkinca"]
[WhiteElo "1720"]
[BlackElo "1730"]
[Result "0-1"]
[Round "1"]
1.e4 c5
2.Nb1c3 e6
3.e5 Nb8c6
4.f4 d6
5.Ng1f3 dxe5
6.Bf1b5 exf4
7.Nf3e5 Bc8d7
8.Qd1h5 Nc6xe5
9.Qh5xe5 Ng8f6
10.d3 Qd8b8
11.Qe5xb8 Ra8xb8
12.Bc1xf4 Rb8c8
13.Bb5xd7 Nf6xd7
14.O-O Bf8e7
15.Nc3b5 e5
16.Bf4g3 O-O
17.Ra1e1 f6
18.Nb5xa7 Rc8a8
19.Na7b5 Ra8xa2
20.Re1b1 Rf8c8
21.Rf1f2 c4
22.Nb5c3 Ra2a5
23.Nc3e4 cxd3
24.c3 Ra5a4
25.Ne4d2 Be7c5
26.b3 Bc5xf2
27.Kxf2 Ra4a2
28.Ke3 Rc8xc3
29.h4 Nd7b6
30.Bg3e1 Nb6d5
31.Kf3 f5
32.Be1g3 e4
33.Kf2 Ra2xd2
34.Ke1 Rd2xg2
35.Bg3e5 e3
36.Kf1 Rc3c2
37.h5 Rc2f2
{ resign }
0-1

[Event "Match"]
[Site "www.echecsemail.com"]
[Date "2019.09.07"]
[Round "1"]
[White "Sonny1000"]
[Black "Bjonil60"]
[WhiteElo "1560"]
[BlackElo "1480"]
[Result "1-0"]
[Round "1"]
1.e4 e5
2.c3 Nb8c6
3.g4 Qd8e7
4.Bf1c4 Ng8f6
5.f3 Nc6a5
6.Nb1a3 d6
7.Bc4b5 Bc8d7
8.Bb5xd7 Kxd7
9.Qd1a4 c6
10.Qa4xa5 b6
11.Qa5b4 b5
12.Na3xb5 cxb5
13.Qb4xb5 Kc7
14.d3 Ra8b8
15.Qb5a5 Kc8
16.b3 Rb8a8
17.Qa5a6 Kd8
18.g5 Nf6d7
19.Qa6b7 Ra8c8
20.Qb7xa7 g6
21.Qa7a5 Rc8c7
22.Qa5a8 Rc7c8
23.Qa8a5 Ke8
24.Bc1e3 h6
25.h4 hxg5
26.h5 gxh5
27.Ng1h3 g4
28.Be3g5 f6
29.Bg5h4 gxh3
30.Rh1xh3 Bf8h6
31.Qa5d5 Nd7b6
32.Qd5b5 Kf8
33.Qb5xb6 Rc8xc3
34.Qb6b8 Kg7
35.Rh3g3 Kh7
36.Qb8b4 Rc3xd3
37.a4 Rh8c8
38.Bh4xf6 Qe7xf6
39.Qb4b7 Bh6g7
40.Qb7xc8 Qf6h4
41.Ke2 Rd3xb3
42.Qc8f5 Kg8
43.Qf5e6 Kh7
44.Qe6xb3 Qh4xg3
45.a5 Qg3g2
46.Kd3 h4
47.a6 h3
48.a7 h2
49.a8Q h1Q
50.Qa8g8 Kg6
51.Ra1xh1 Qg2xh1
52.Qb3f7 Kh6
53.Qf7xg7 Kh5
54.Qg8h8 
1-0

[Event "Tourn. n10141"]
[Site "www.echecsemail.com"]
[Date "2019.09.07"]
[Round "1"]
[White "Kevinking"]
[Black "Libiesse"]
[WhiteElo "1910"]
[BlackElo "1860"]
[Result "0-1"]
[Round "1"]
1.e4 e5
2.Ng1f3 Nb8c6
3.Bf1c4 f5
4.d4 fxe4
5.Nf3xe5 Nc6xe5
6.dxe5 Bf8c5
7.O-O d6
8.Nb1c3 Ng8f6
9.exf6 Qd8xf6
10.Nc3xe4 Qf6d4
11.Qd1xd4 Bc5xd4
12.Ne4g5 h6
13.Ng5f3 Bd4f6
14.Bc4d3 Bc8g4
15.Bd3g6 Kd7
16.Nf3d2 Rh8f8
17.c3 Bf6e7
18.f3 Bg4f5
19.Bg6xf5 Rf8xf5
20.Nd2c4 Ra8e8
21.Bc1d2 b5
22.Nc4e3 Rf5f7
23.Ne3d5 Be7d8
24.Ra1e1 c6
25.Re1xe8 Kxe8
26.Nd5b4 Kd7
27.Rf1e1 c5
28.Nb4c2 g5
29.Kf2 Bd8c7
30.g3 d5
31.b4 Bc7b6
32.Bd2e3 Kc6
33.bxc5 Bb6xc5
34.Be3xc5 Kxc5
35.Nc2e3 a6
36.Re1d1 Rf7d7
37.Rd1d4 a5
38.f4 b4
39.Rd4d1 bxc3
40.fxg5 d4
41.Ke2 Rd7e7
42.Rd1d3 hxg5
43.h4 gxh4
44.gxh4 c2
45.Kd2 dxe3
46.Rd3xe3 Re7xe3
{ resign }
0-1

[Event "Tourn. n10161"]
[Site "www.echecsemail.com"]
[Date "2019.09.07"]
[Round "1"]
[White "Cal"]
[Black "Bgm9"]
[WhiteElo "1650"]
[BlackElo "1860"]
[Result "0-1"]
[Round "1"]
1.c4 Ng8f6
2.Nb1c3 g6
3.e4 d6
4.d4 Bf8g7
5.h3 Nb8d7
6.Ng1f3 O-O
7.Bc1g5 e5
8.d5 a6
9.a3 h6
10.Bf1d3 hxg5
11.Nf3xg5 Nd7c5
12.b4 Nc5xd3
13.Qd1xd3 Nf6h7
14.Ng5xh7 Kxh7
15.O-O f5
16.f3 Qd8g5
17.Rf1f2 f4
18.c5 Bc8xh3
19.g4 Kg8
20.cxd6 cxd6
21.Rf2h2 Qg5h4
22.Nc3e2 Ra8c8
23.Qd3d2 Rc8c4
24.Ra1f1 Rf8c8
25.Rf1f2 Rc4c2
26.Qd2d1 Rc2xe2
27.Rf2xe2 Qh4g3
28.Rh2g2 Bh3xg2
29.Re2xg2 Qg3h4
30.g5 Kf7
31.a4 Rc8h8
32.Qd1f1 Qh4h1
33.Kf2 Qh1xf1
34.Kxf1 Rh8h1
35.Kf2 Rh1b1
36.Rg2g1 Rb1xb4
37.Rg1c1 Bg7f8
38.Rc1c7 Bf8e7
39.Ke2 b5
40.axb5 axb5
41.Rc7c2 Be7xg5
42.Rc2c7 Bg5e7
43.Rc7b7 Ke8
44.Rb7b8 Kd7
45.Rb8b7 Kd8
46.Kd3 Rb4b3
47.Ke2 g5
48.Rb7b8 Kc7
49.Rb8g8 Rb3e3
50.Kf2 b4
51.Rg8a8 b3
52.Ra8a7 Kb6
53.Ra7xe7 b2
54.Re7g7 b1Q
55.Kg2 Qb1e1
56.Rg7xg5 Qe1d2
57.Kh3 Re3xf3
58.Kg4 Rf3g3
59.Kf5 Rg3xg5
60.Ke6 Kc7
61.Kf6 Qd2h2
62.Kxg5 Qh2g3
63.Kf5 f3
64.Ke6 Qg3g6
{ resign }
0-1

[Event "Match"]
[Site "www.echecsemail.com"]
[Date "2019.09.07"]
[Round "1"]
[White "Mitja"]
[Black "Bojan"]
[WhiteElo "1880"]
[BlackElo "2010"]
[Result "1/2-1/2"]
[Round "1"]
1.d4 d5
2.e3 a6
3.c3 e6
4.h3 b5
5.b3 c5
6.dxc5 Bf8xc5
7.Bc1b2 f6
8.Ng1f3 Bc8b7
9.Bf1e2 Ng8e7
10.b4 Bc5b6
11.a3 Nb8c6
12.Nb1d2 Ne7g6
13.Nd2b3 Qd8e7
14.Nb3d4 Nc6e5
15.Nf3xe5 Ng6xe5
16.Nd4f3 Ne5c4
17.Ra1b1 Bb7c6
18.Be2xc4 dxc4
19.Qd1e2 Bc6e4
20.Rb1c1 O-O
21.Bb2a1 Rf8d8
22.Rc1d1 Be4d3
23.Qe2b2 Qe7f7
24.Nf3d4 e5
25.Nd4e2 Qf7g6
26.O-O Bd3e4
27.Ne2g3 Be4d3
28.Rf1e1 e4
29.Qb2a2 Kh8
30.a4 Bb6c7
31.axb5 axb5
32.Qa2b2 Bc7xg3
33.fxg3 Qg6xg3
34.Qb2f2 Qg3e5
35.Qf2f4 Qe5h5
36.Qf4f2 f5
37.Ba1b2 Rd8f8
38.Qf2f4 Qh5f7
39.Rd1a1 h6
40.Ra1xa8 Rf8xa8
41.Re1a1 Ra8xa1
42.Bb2xa1 Qf7d7
43.Ba1b2 Kh7
44.Bb2c1 g5
45.Qf4f2 Kg6
46.Qf2g3 { draw }
1/2-1/2

[Event "Tourn. n10193"]
[Site "www.echecsemail.com"]
[Date "2019.09.07"]
[Round "1"]
[White "Apdash"]
[Black "Amaya"]
[WhiteElo "2160"]
[BlackElo "2060"]
[Result "1-0"]
[Round "1"]
1.d4 e6
2.e4 d5
3.exd5 exd5
4.Ng1f3 Ng8f6
5.c4 dxc4
6.Bf1xc4 Bf8e7
7.Qd1b3 O-O
8.Nf3g5 Qd8xd4
9.Bc4xf7 Kh8
10.O-O b6
11.Bc1e3 Qd4g4
12.h3 Qg4h4
13.Bf7c4 Nf6h5
14.Ng5f7 Rf8xf7
15.Bc4xf7 Nh5f4
16.Be3xf4 Qh4xf4
17.Rf1e1 Bc8b7
18.Re1xe7 Qf4c1
19.Kh2 Qc1f4
20.Qb3g3 Qf4a4
21.Re7e8 { resign }
1-0

[Event "Tourn. n10157"]
[Site "www.echecsemail.com"]
[Date "2019.09.07"]
[Round "1"]
[White "Andychesston"]
[Black "Kevinking"]
[WhiteElo "1970"]
[BlackElo "1870"]
[Result "0-1"]
[Round "1"]
1.e4 c6
2.d4 d5
3.exd5 cxd5
4.Ng1f3 Ng8f6
5.Nb1c3 e6
6.Nf3e5 Nb8c6
7.Bf1b5 Bc8d7
8.Bc1g5 Qd8b6
9.Bg5xf6 gxf6
10.Ne5xd7 Kxd7
11.O-O h5
12.a4 Bf8b4
13.Nc3e2 a6
14.Bb5xc6 Qb6xc6
15.c3 Bb4d6
16.f4 Ra8f8
17.Ne2g3 e5
18.Ng3xh5 Rh8h6
19.Qd1g4 Kc7
20.fxe5 fxe5
21.Rf1f5 exd4
22.Ra1f1 dxc3
23.bxc3 Qc6c5
24.Kh1 Qc5xc3
25.Rf5xf7 Rf8xf7
26.Rf1xf7 Kb8
27.Rf7f1 Qc3e5
28.Nh5f4 Rh6f6
29.g3 Rf6f8
30.Qg4d7 Qe5e4
31.Kg1 Bd6c5
32.Rf1f2 Qe4e1
33.Kg2 Qe1xf2
34.Kh3 Rf8h8
35.Kg4 Qf2xh2
36.Qd7e6 Bc5f2
37.Qe6e5 Ka8
38.Nf4h5 Rh8xh5
{ resign }
0-1

[Event "Tourn. n10170"]
[Site "www.echecsemail.com"]
[Date "2019.09.07"]
[Round "1"]
[White "Numanoid"]
[Black "Darko10"]
[WhiteElo "2760"]
[BlackElo "2880"]
[Result "0-1"]
[Round "1"]
1.d4 Ng8f6
2.Bc1g5 d5
3.Bg5xf6 exf6
4.e3 Bf8d6
5.c4 dxc4
6.Bf1xc4 O-O
7.Nb1c3 f5
8.Qd1c2 Nb8d7
9.Bc4d3 g6
10.h4 Nd7f6
11.h5 Nf6xh5
12.Rh1xh5 gxh5
13.O-O-O Kh8
14.Ng1f3 f4
15.e4 Bc8g4
16.e5 Bd6b4
17.Nc3e4 Bb4e7
18.Qc2e2 Rf8g8
19.Bd3c2 Bg4f5
20.Rd1h1 Rg8xg2
{ resign }
0-1

[Event "Tourn. n10210"]
[Site "www.echecsemail.com"]
[Date "2019.09.07"]
[Round "1"]
[White "Fantomas"]
[Black "Apdash"]
[WhiteElo "2130"]
[BlackElo "2180"]
[Result "0-1"]
[Round "1"]
1.e4 c5
2.Ng1f3 d6
3.b3 Ng8f6
4.Nb1c3 Bc8g4
5.Bf1e2 Nb8c6
6.h3 Bg4h5
7.Nf3h2 Bh5xe2
8.Qd1xe2 Nc6d4
9.Qe2d1 e5
10.O-O Bf8e7
11.d3 b5
12.Nc3e2 O-O
13.c3 Nd4xe2
14.Qd1xe2 a6
15.f4 g6
16.f5 Nf6h5
17.Qe2g4 Nh5f6
18.Qg4f3 Kg7
19.g4 h6
20.Qf3g3 Nf6h7
21.Nh2f3 g5
22.Bc1b2 f6
23.h4 d5
24.Ra1d1 d4
25.c4 bxc4
26.bxc4 Ra8b8
27.Qg3f2 Qd8b6
28.Rd1d2 Rb8b7
29.h5 Rf8b8
30.Rf1c1 Qb6a5
31.Nf3e1 Nh7f8
32.Kg2 Be7d8
33.Rc1c2 Qa5a4
34.Ne1f3 Bd8a5
35.Rd2e2 Nf8d7
36.Qf2f1 Nd7b6
37.Qf1c1 Qa4c6
38.Nf3d2 Nb6a4
39.Bb2a3 Ba5xd2
40.Qc1xd2 Na4c3
41.Re2f2 Rb7b1
42.Rf2f1 Rb1xf1
43.Kxf1 Rb8b1
44.Kg2 Nc3xe4
45.Qd2e2 Ne4d2
{ resign }
0-1

[Event "Tourn. n10206"]
[Site "www.echecsemail.com"]
[Date "2019.09.07"]
[Round "1"]
[White "Bojan"]
[Black "Apdash"]
[WhiteElo "2010"]
[BlackElo "2190"]
[Result "0-1"]
[Round "1"]
1.e4 c5
2.Ng1f3 d6
3.d4 cxd4
4.Nf3xd4 Nb8c6
5.Nd4xc6 bxc6
6.Bf1d3 e5
7.Qd1f3 Ng8f6
8.h3 Bf8e7
9.c3 O-O
10.Bc1e3 d5
11.exd5 cxd5
12.Qf3e2 d4
13.Be3d2 Rf8e8
14.Qe2f3 Ra8b8
15.O-O Rb8xb2
16.cxd4 exd4
17.Bd2g5 Bc8b7
18.Qf3f4 Qd8d5
19.f3 Nf6h5
20.Qf4h4 Qd5xg5
21.Qh4xg5 Be7xg5
22.Nb1a3 Nh5f4
23.Bd3c2 Re8e2
24.Ra1b1 Re2xg2
25.Kh1 Bb7xf3
26.Rf1xf3 Rb2xb1
27.Bc2xb1 Rg2b2
28.h4 Bg5h6
29.Rf3f1 g6
30.Na3c4 Rb2b4
31.Nc4e5 f5
32.Rf1d1 Nf4e2
33.Bb1d3 Ne2g3
34.Kg2 Bh6f4
35.Ne5c6 Rb4b2
36.Kf3 Bf4d6
37.Nc6xa7 Kg7
38.Bd3c4 Ng3e4
39.Rd1f1 Ne4d2
40.Ke2 Nd2xc4
41.Kd3 Nc4e3
42.Rf1a1 Bd6c5
43.a4 Bc5xa7
{ resign }
0-1

[Event "Match"]
[Site "www.echecsemail.com"]
[Date "2019.09.07"]
[Round "1"]
[White "Apdash"]
[Black "Estonia"]
[WhiteElo "2180"]
[BlackElo "1950"]
[Result "1-0"]
[Round "1"]
1.e4 e5
2.Ng1f3 Nb8c6
3.d4 exd4
4.Nf3xd4 Nc6xd4
5.Qd1xd4 Qd8f6
6.Qd4c4 c5
7.Nb1c3 b6
8.Nc3d5 Qf6d8
9.Bc1f4 d6
10.O-O-O Ng8f6
11.e5 Nf6xd5
12.Qc4xd5 Bc8e6
13.Bf1b5 Be6d7
14.Bb5xd7 Kxd7
15.exd6 f6
16.Rh1e1 Ra8c8
17.Qd5b7 Rc8c7
18.dxc7 Bf8d6
19.Rd1xd6 { resign }
1-0

[Event "Tourn. n10190"]
[Site "www.echecsemail.com"]
[Date "2019.09.08"]
[Round "1"]
[White "Galiany17"]
[Black "Jerome"]
[WhiteElo "2390"]
[BlackElo "2470"]
[Result "1-0"]
[Round "1"]
1.b3 f5
2.Bc1b2 Ng8f6
3.g3 e6
4.Bf1g2 Bf8e7
5.e3 O-O
6.Ng1e2 d5
7.c4 c6
8.d4 a5
9.O-O b6
10.Nb1d2 Be7d6
11.Ra1c1 Qd8e7
12.Nd2f3 Nf6e4
13.Nf3e5 Bc8b7
14.Ne2f4 a4
15.bxa4 Nb8d7
16.cxd5 cxd5
17.Ne5d3 g5
18.Nf4e2  { time }
1-0

[Event "Tourn. n10150"]
[Site "www.echecsemail.com"]
[Date "2019.09.08"]
[Round "1"]
[White "Asoka"]
[Black "Jaroslavpech"]
[WhiteElo "2770"]
[BlackElo "2680"]
[Result "1/2-1/2"]
[Round "1"]
1.a3 e5
2.c4 Ng8f6
3.Nb1c3 d5
4.cxd5 Nf6xd5
5.Ng1f3 Nb8c6
6.e4 Nd5f4
7.d4 exd4
8.Nf3xd4 Nf4xg2
9.Bf1xg2 Qd8xd4
10.Bc1e3 Qd4xd1
11.Ra1xd1 Bc8d7
12.Be3f4 Bf8d6
13.Bf4xd6 cxd6
14.f4 O-O-O
15.Rd1xd6 Bd7e6
16.Rd6xd8 Rh8xd8
17.h4 Nc6a5
18.Bg2f1 g6
19.Rh1h2 Na5b3
20.Rh2c2 Kb8
21.Kf2 Nb3d2
22.Bf1e2 a6
23.Ke3 Nd2c4
24.Be2xc4 Be6xc4
25.Rc2d2 Rd8xd2
26.Kxd2 Bc4e6
27.Ke3 Kc7
28.Kd4 Kd6
29.e5 Kc6
30.b4 b6
31.Nc3e4 a5
32.Ne4c3 axb4
33.axb4 Kc7
34.Nc3e4 h6
35.b5 h5
36.Ne4d6 { draw }
1/2-1/2

[Event "Match"]
[Site "www.echecsemail.com"]
[Date "2019.09.08"]
[Round "1"]
[White "Mitja"]
[Black "Apdash"]
[WhiteElo "1860"]
[BlackElo "2160"]
[Result "1-0"]
[Round "1"]
1.d4 d5
2.e3 Ng8f6
3.h3 g6
4.c3 Bf8g7
5.Ng1f3 O-O
6.Bf1d3 Nb8d7
7.b3 Rf8e8
8.Bc1b2 e5
9.dxe5 Nd7xe5
10.Nf3xe5 c6
11.Ne5f3 b5
12.Bd3c2 c5
13.O-O Bc8b7
14.Nb1d2 Nf6h5
15.Ra1b1 Qd8c7
16.Rf1e1 Ra8d8
17.Qd1c1 Rd8c8
18.c4 bxc4
19.Bb2xg7 Nh5xg7
20.bxc4 dxc4
21.Nd2xc4 Bb7xf3
22.gxf3 Ng7e6
23.Re1d1 Ne6g5
24.Kg2 Qc7c6
25.e4 Ng5xh3
26.Kxh3 Qc6e6
27.Kg2 Qe6xc4
28.Bc2b3 Qc4a6
29.Qc1c4 Qa6f6
30.Rd1d7 Re8e7
31.Rd7xe7 Qf6xe7
32.Rb1d1 Rc8c7
33.Qc4b5 Kg7
34.Bb3d5 Qe7g5
35.Kf1 Qg5h5
36.Ke2 g5
37.Qb5b2 Kg6
38.Qb2e5 Rc7d7
39.Qe5f5 { resign }
1-0

[Event "Match"]
[Site "www.echecsemail.com"]
[Date "2019.09.08"]
[Round "1"]
[White "Bojan"]
[Black "Mitja"]
[WhiteElo "2010"]
[BlackElo "1880"]
[Result "1-0"]
[Round "1"]
1.e4 e5
2.Ng1f3 d6
3.h3 f6
4.d4 exd4
5.Nf3xd4 a6
6.Qd1f3 Ng8e7
7.Bf1c4 Ne7g6
8.Nb1c3 Ng6e5
9.Qf3h5 Ne5g6
10.Nd4e6 Bc8xe6
11.Bc4xe6 c6
12.Be6f5 Rh8g8
13.Bf5xg6 hxg6
14.Qh5xg6 Ke7
15.Bc1f4 Qd8e8
16.Qg6g3 Qe8d7
17.O-O-O Kf7
18.Qg3f3 Rg8h8
19.Rh1e1 Qd7c7
20.Re1e2 Nb8d7
21.Nc3a4 Ra8d8
22.Re2d2 Bf8e7
23.Bf4xd6 Be7xd6
24.Rd2xd6 Nd7e5
25.Qf3b3 Kg6
26.Rd6d2 Rd8xd2
27.Rd1xd2 Rh8d8
28.Qb3g3 Kf7
29.Rd2e2 Qc7a5
30.Na4c3 Qa5b4
31.f4 Ne5c4
32.Nc3d1 Rd8d2
33.Qg3f3 Qb4a5
34.a3 Rd2xe2
35.Qf3xe2 Nc4d6
36.Nd1f2 b5
37.g4 g6
38.Qe2d3 Ke7
39.c3 Nd6c4
40.Kb1 Qa5b6
41.Qd3e2 Nc4a5
42.h4 Qb6c7
43.Qe2e3 c5
44.Nf2d3 c4
45.Qe3c5 Qc7xc5
46.Nd3xc5 Na5b3
47.Nc5xb3 cxb3
48.Kc1 Ke6
49.h5 gxh5
50.gxh5 Kf7
51.e5 fxe5
52.fxe5 { resign }
1-0

[Event "Tourn. n10177"]
[Site "www.echecsemail.com"]
[Date "2019.09.08"]
[Round "1"]
[White "Kevinking"]
[Black "Esperanza"]
[WhiteElo "1980"]
[BlackElo "1980"]
[Result "0-1"]
[Round "1"]
1.d4 Ng8f6
2.c4 g6
3.Nb1c3 Bf8g7
4.e4 d6
5.Ng1f3 O-O
6.Bf1e2 e5
7.O-O Nb8c6
8.d5 Nc6e7
9.Bc1e3 Nf6e8
10.Nf3e1 f5
11.f3 f4
12.Be3f2 g5
13.c5 Rf8f7
14.b4 h5
15.Ne1d3 Ne7g6
16.Qd1b3 g4
17.Rf1d1 Bg7f8
18.Ra1c1 Rf7g7
19.cxd6 cxd6
20.Nc3b5 g3
21.Bf2xa7 Qd8h4
22.hxg3 fxg3
23.Kf1 Ra8xa7
24.Ke1 Ra7a8
25.Kd2 Bc8d7
26.Nb5c7 Ne8xc7
27.Rc1xc7 Bd7a4
28.Rc7xg7 Bf8xg7
29.Qb3b1 Ba4xd1
30.Be2xd1 Ng6f4
31.Nd3e1 Nf4xg2
32.Ne1d3 Qh4g5
33.f4 Ng2xf4
34.Bd1f3 Nf4xd3
35.Kxd3 Ra8a3
{ resign }
0-1

[Event "Match"]
[Site "www.echecsemail.com"]
[Date "2019.09.08"]
[Round "1"]
[White "Zubarev"]
[Black "Jacqcrom"]
[WhiteElo "1739"]
[BlackElo "1719"]
[Result "0-1"]
[Round "1"]
1.a3 e5
2.e4 Ng8f6
3.Nb1c3 d6
4.d3 Bc8g4
5.Bf1e2 Nb8c6
6.Ng1f3 Qd8d7
7.O-O O-O-O
8.Bc1g5 Bf8e7
9.h3 Bg4h5
10.Bg5xf6 Be7xf6
11.Nc3d5 Nc6d4
12.Nf3xd4 c6
13.Be2xh5 cxd5
14.Bh5g4 dxe4
15.Bg4xd7 Rd8xd7
16.Nd4b3 d5
 { time }
0-1

[Event "Tourn. n10194"]
[Site "www.echecsemail.com"]
[Date "2019.09.08"]
[Round "1"]
[White "Rons"]
[Black "Krystek23"]
[WhiteElo "2640"]
[BlackElo "2540"]
[Result "1-0"]
[Round "1"]
1.e4 c5
2.Ng1f3 e6
3.d4 cxd4
4.Nf3xd4 Nb8c6
5.Nb1c3 Qd8c7
6.Qd1d3 a6
7.Nd4xc6 bxc6
8.Bf1e2 Ng8f6
9.f4 d6
10.O-O Bf8e7
11.Qd3g3 O-O
12.e5 Nf6d5
13.Nc3e4 dxe5
14.fxe5 f5
15.Bc1h6 Be7f6
16.Ne4xf6 Nd5xf6
17.exf6 Rf8xf6
18.Qg3xc7 Rf6xh6
19.Ra1d1 Rh6f6
20.Rd1d8 Rf6f8
21.Be2h5 g6
22.Rd8xf8 Kxf8
23.Rf1d1 { resign }
1-0

[Event "Tourn. n10180"]
[Site "www.echecsemail.com"]
[Date "2019.09.08"]
[Round "1"]
[White "Conde7"]
[Black "Seger"]
[WhiteElo "2870"]
[BlackElo "2820"]
[Result "1/2-1/2"]
[Round "1"]
1.e4 c5
2.Ng1f3 e6
3.d4 d5
4.exd5 exd5
5.Bf1b5 Nb8c6
6.O-O Ng8f6
7.Rf1e1 Bc8e6
8.Nf3g5 Bf8e7
9.Ng5xe6 fxe6
10.Qd1e2 Qd8c8
11.Bc1e3 O-O
12.dxc5 e5
13.Nb1d2 Nf6g4
14.c3 Kh8
15.f3 Ng4xe3
16.Qe2xe3 a6
17.Bb5xc6 bxc6
18.Nd2f1 a5
19.Kh1 Qc8e6
20.Qe3xe5 Qe6xe5
21.Re1xe5 Be7xc5
22.Re5e6 Rf8c8
23.Ra1e1 Ra8b8
24.Re1e2 Kg8
25.f4 a4
26.Nf1e3 Rc8c7
27.h3 h5
28.Ne3d1 Kf7
29.g4 hxg4
30.hxg4 Rc7e7
31.f5 Rb8e8
32.Re6xe7 Bc5xe7
33.Kg2 a3
34.Re2e6 axb2
35.Nd1xb2 Re8a8
36.a4 Be7f6
37.Re6xc6 Ke7
38.Kf3 Ra8a5
39.Rc6e6 Kf7
40.Re6c6 Ke7
41.Rc6e6 Kf7
42.Nb2d3 Ra5xa4
43.Nd3f4 Ra4a5
44.Re6c6 Ke7
45.Rc6b6 { draw }
1/2-1/2

[Event "Match"]
[Site "www.echecsemail.com"]
[Date "2019.09.08"]
[Round "1"]
[White "Coolant"]
[Black "Tonino1"]
[WhiteElo "2360"]
[BlackElo "2180"]
[Result "1-0"]
[Round "1"]
1.d4 d6
2.e4 Ng8f6
3.Nb1c3 c6
4.f4 Qd8a5
5.Bf1d3 d5
6.e5 Nf6e4
7.Bc1d2 Ne4xd2
8.Qd1xd2 e6
9.Ng1f3 Bf8b4
10.O-O Bb4xc3
11.bxc3 b6
12.f5 O-O
13.f6 g6
14.Qd2h6  { time }
1-0

[Event "Tourn. n10200"]
[Site "www.echecsemail.com"]
[Date "2019.09.08"]
[Round "1"]
[White "Goofy"]
[Black "Bigrezi"]
[WhiteElo "2290"]
[BlackElo "2190"]
[Result "0-1"]
[Round "1"]
1.e4 e5
2.Ng1f3 Nb8c6
3.Bf1c4 Ng8f6
4.d3 d6
5.c3 Bf8e7
6.Bc4b3 O-O
7.h3 d5
8.Qd1e2 Bc8e6
9.Bb3c2 a5
10.a4 Be7c5
11.Nb1d2 Bc5a7
12.Nd2f1 dxe4
13.dxe4 Nf6h5
14.Nf3xe5 Nc6xe5
15.Qe2xh5 Qd8f6
16.Bc1e3 Ba7xe3
17.Nf1xe3 Ra8d8
18.Qh5e2 Qf6g5
19.O-O Rd8d2
{ resign }
0-1

[Event "Tourn. n10167"]
[Site "www.echecsemail.com"]
[Date "2019.09.08"]
[Round "1"]
[White "Picifarkinca"]
[Black "Bojan"]
[WhiteElo "1940"]
[BlackElo "1960"]
[Result "1-0"]
[Round "1"]
1.d4 d5
2.e4 dxe4
3.f3 exf3
4.Ng1xf3 c6
5.Bf1c4 f6
6.O-O Bc8g4
7.Nf3e5 fxe5
8.Bc4f7 Kd7
9.dxe5 Kc7
10.Qd1xg4 h5
11.Qg4f4 b6
12.Bf7xg8 Rh8xg8
13.e6 Kb7
14.Qf4f3 g6
15.Nb1c3 Bf8g7
16.Nc3e4 Bg7d4
17.Bc1e3 Bd4xb2
18.Ra1b1 Bb2g7
19.Ne4c5 Kc7
20.Be3f4 Kc8
21.Nc5d7 Kb7
22.Nd7xb8 Ra8xb8
23.Bf4xb8 Kxb8
24.Qf3xc6 Bg7e5
25.Kh1 Be5d4
26.Rb1d1 Rg8f8
27.Rf1xf8 Qd8xf8
28.Qc6f3 Qf8g7
29.Qf3f7 Qg7f6
30.Rd1f1 Qf6g5
31.Qf7f4 Qg5e5
32.Qf4xe5 Bd4xe5
33.Rf1f8 Kc7
34.Rf8a8 a5
35.Ra8g8 Kd6
36.Rg8xg6 Be5f6
37.g4 hxg4
38.Rg6xg4 Bf6c3
39.Rg4e4 Bc3b4
40.Kg2 Kd5
41.Re4e3 Bb4c5
42.Re3e2 Kc4
43.h4 Kc3
44.h5 Bc5d4
45.Kf3 b5
46.h6 Bd4h8
47.Ke4 Kb2
48.c4 Ka3
49.cxb5 { resign }
1-0

[Event "Match"]
[Site "www.echecsemail.com"]
[Date "2019.09.08"]
[Round "1"]
[White "Gambitmiau"]
[Black "Ericleo1980"]
[WhiteElo "1850"]
[BlackElo "1900"]
[Result "0-1"]
[Round "1"]
1.e4 c5
2.Ng1f3 d6
3.d4 cxd4
4.Nf3xd4 Ng8f6
5.Bf1d3 a6
6.Bc1g5 Qd8a5
7.Bg5d2 Qa5b6
8.Bd2c3 Bc8g4
9.f3 Bg4h5
10.g4 Bh5g6
11.Nb1a3 Nb8d7
12.Qd1e2 Nd7e5
13.O-O-O Ra8c8
14.h4 h5
15.g5 Nf6d7
16.Na3c4 Qb6c7
17.Nc4xe5 Nd7xe5
18.f4 Ne5xd3
19.Rd1xd3 f6
20.Nd4e6 Qc7c4
21.Ne6d4 Qc4xa2
22.Kd2 Qa2c4
23.b3 Qc4c7
24.Nd4e6 Qc7d7
25.f5 Bg6f7
26.Ne6xf8 Kxf8
27.g6 Bf7e8
28.e5 Qd7xf5
29.exd6 exd6
30.Rh1g1 Be8xg6
31.Rg1f1 Qf5g4
32.Qe2f2 Bg6xd3
33.cxd3 Qg4e6
34.Rf1e1 Qe6xb3
35.Qf2d4 Qb3xc3
36.Qd4xc3 Rc8xc3
37.Kxc3 Kf7
38.Kc4 Rh8d8
39.Kd5 g5
40.hxg5 fxg5
41.Re1h1 h4
42.Ke4 Kg6
43.Rh1b1 Rd8d7
44.Rb1g1 Rd7f7
45.Kd5 h3
46.Kxd6 Rf7f3
47.Rg1h1 Rf3xd3
48.Kc7 b5
49.Kb6 g4
{ resign }
0-1

[Event "Match"]
[Site "www.echecsemail.com"]
[Date "2019.09.08"]
[Round "1"]
[White "Iko"]
[Black "Ditto"]
[WhiteElo "1810"]
[BlackElo "1790"]
[Result "1-0"]
[Round "1"]
1.e4 e5
2.Ng1f3 Nb8c6
3.Bf1b5 Bf8c5
4.Bb5xc6 bxc6
5.Nf3xe5 Qd8f6
6.d4 Bc5b6
7.h4 Ng8e7
8.Bc1g5 Qf6e6
9.Bg5xe7 Qe6xe7
10.Qd1g4 Qe7f6
11.Nb1c3 Bb6xd4
12.Ne5f3 Bd4xc3
13.Nf3d2 Bc3xb2
14.Ra1b1 Bb2c3
15.Rh1h3 d6
16.Qg4h5 Bc8xh3
17.gxh3 Qf6f4
18.Rb1d1 Bc3d4
19.Nd2f3 Ra8b8
20.Rd1xd4 Rb8b1
21.Ke2 Qf4c1
22.Nf3d2 Qc1d1
23.Kd3 Rb1b2
24.Qh5xd1 Rb2xa2
25.Qd1b1 Ra2a3
26.c3 O-O
27.Nd2c4 Ra3a6
28.Qb1b7 Ra6a1
29.Qb7xc7 Ra1d1
30.Nc4d2 Rd1h1
31.Rd4xd6 Rh1xh3
32.f3 a6
33.Rd6xc6 Rh3xh4
34.Qc7c8 g6
35.Qc8xa6 Rh4h3
36.c4 Rf8d8
37.Rc6d6 Rd8e8
38.c5 g5
39.Qa6c6 Re8f8
40.Qc6d5 Kg7
41.Qd5xg5 Kh8
42.Rd6d8 Rf8xd8
43.Qg5xd8 Kg7
44.c6 h5
45.c7 { resign }
1-0

[Event "Match"]
[Site "www.echecsemail.com"]
[Date "2019.09.08"]
[Round "1"]
[White "Mitja"]
[Black "Ssharp"]
[WhiteElo "1850"]
[BlackElo "2350"]
[Result "0-1"]
[Round "1"]
1.d4 g6
2.e3 Bf8g7
3.h3 Ng8f6
4.c3 d6
5.Ng1f3 O-O
6.b3 b6
7.Bc1b2 Bc8b7
8.Bf1d3 Nb8d7
9.Bd3c2 Ra8c8
10.c4 c5
11.dxc5 bxc5
12.Nb1d2 Rc8c7
13.O-O a5
14.a4 Qd8a8
15.Qd1e2 Bb7a6
16.Rf1d1 Rf8b8
17.Qe2e1 Ba6b7
18.Ra1b1 Nd7f8
19.Bb2a1 Nf8e6
20.Qe1f1 Ne6d8
21.Nf3e1 Nd8c6
22.Ne1d3 Nc6b4
23.Nd3xb4 axb4
24.Rd1e1 e5
25.Bc2d1 Rb8e8
26.Bd1f3 Bb7xf3
27.Nd2xf3 Nf6e4
28.Re1d1 Re8d8
29.Nf3d2 Ne4c3
30.Nd2f3 Nc3xb1
31.Rd1xb1 e4
32.Nf3h2 Bg7xa1
33.Rb1xa1 f5
34.Qf1e2 d5
35.cxd5 Qa8xd5
36.Ra1d1 Qd5xd1
{ resign }
0-1

[Event "Tourn. n10189"]
[Site "www.echecsemail.com"]
[Date "2019.09.08"]
[Round "1"]
[White "Scasan55"]
[Black "Johnmcbride"]
[WhiteElo "1980"]
[BlackElo "1920"]
[Result "1-0"]
[Round "1"]
1.e4 e5
2.Ng1f3 Nb8c6
3.h3 a6
4.Bf1c4 d6
5.a3 Ng8f6
6.Nb1c3 b5
7.Bc4a2 Bf8e7
8.O-O O-O
9.Rf1e1 h6
10.d4 exd4
11.Nf3xd4 Nc6xd4
12.Qd1xd4 c5
13.Qd4d1 Bc8d7
14.Re1e3 Bd7c6
15.Re3g3 Nf6xe4
16.Nc3xe4 Bc6xe4
17.Bc1xh6 Be4g6
18.Rg3xg6 c4
19.Qd1d5 Kh8
20.Rg6xg7 Be7f6
21.Rg7xf7 Bf6xb2
22.Rf7xf8 Qd8xf8
23.Bh6xf8 Bb2xa1
24.Qd5xa8 { resign }
1-0

[Event "1/128 Finale"]
[Site "www.chess-mail.com"]
[Date "2019.09.08"]
[Round "1"]
[White "Bevittsmith"]
[Black "Mitja"]
[WhiteElo "2250"]
[BlackElo "1860"]
[Result "1-0"]
[Round "1"]
1.e4 d5
2.exd5 Qd8xd5
3.Nb1c3 Qd5d8
4.d4 e6
5.Ng1f3 c6
6.Bf1d3 h6
7.O-O Ng8f6
8.Bc1f4 b6
9.Qd1e2 Bc8b7
10.Rf1d1 Bf8e7
11.h3 Nb8d7
12.Nc3e4 Nf6xe4
13.Bd3xe4 Nd7f6
14.Be4d3 Nf6d5
15.Bf4d2 Nd5f6
16.Bd3a6 Qd8c7
17.Ba6xb7 Qc7xb7
18.c4 O-O
19.a3 Rf8d8
20.Bd2c3 a5
21.Nf3e5 Nf6d7
22.Ne5g4 Nd7f6
23.Ng4e5 Ra8c8
24.b4 axb4
25.axb4 Rc8a8
26.Qe2f3 Ra8xa1
27.Rd1xa1 Rd8c8
28.b5 Be7d6
29.Ne5xc6 Kf8
30.Ra1a7 Qb7b8
31.Nc6xb8 { resign }
1-0

[Event "1/64 Finale"]
[Site "www.chess-mail.com"]
[Date "2019.09.08"]
[Round "1"]
[White "Reignblowcan"]
[Black "Cal"]
[WhiteElo "2640"]
[BlackElo "1790"]
[Result "1-0"]
[Round "1"]
1.e4 e5
2.Nb1c3 d6
3.Bf1c4 Ng8f6
4.d3 h6
5.Ng1f3 a6
6.h3 c6
7.Bc1e3 b5
8.Bc4b3 Bf8e7
9.a3 Bc8b7
10.Nf3h4 Nb8d7
11.Nh4f5 O-O
12.Be3xh6 Bb7c8
13.Bh6xg7 Rf8e8
14.Qd1d2 Nf6h5
15.Qd2h6 Nh5xg7
16.Qh6xg7 { resign }
1-0